Statistics for Største byer på Fyn

Click here to take the quiz!

General Stats

  • This quiz has been taken 230 times
  • The average score is 9 of 15

Answer Stats

HintAnswer% Correct
179.601 *Odense
99%
15.540 *Middelfart
94%
27.210 *Svendborg
94%
17.175 *Nyborg
92%
6.155 *Assens
85%
5.898 *Kerteminde
82%
7.049 *Faaborg
81%
6.110Ringe
58%
5.218Otterup
42%
5.576Munkebo
34%
4.078Langeskov
30%
3.247Glamsbjerg
26%
3.949 *Årslev
24%
4.712Strib
24%
4.826Bellinge
15%

Score Distribution

Percentile by Number Answered

Percent of People with Each Score

Your Score History

You have not taken this quiz